01016 a2200217 45000010006000000050017000060080041000230030015000640400040000790800041001192450085001602640060002453000019003055050259003240410008005839420007005915900036005981000043006349990015006779520106006925779020260407155838.0260407a1985 arg spa dAR-UNSa-BCEJYS aAR-UNSa-BCEJYSbspacAR-UNSa-BCEJYS a674xMadera e industria de la madera10aPrincipales mercados de las obras de carpinteria para edificios y construcciones 1aGinegra :bCCI (Centro de Comercio Internacional)c1985 a190 p.c23 cm. a1. Descripción general del mercado y principales recomendaciones sobre comercialización – 2. Bélgica – Luxemburgo – 3. Francia – 4. República Federal de Alemania – 5. Países Bajos – 6. Reino Unido – 7. Estados Unidos de América  aspa cBK aniveau_biblio:m niveau_hierar:01 aCentro de Comercio Internacional (CCI) c6299d6299 00104070aBCEJYSbBCEJYSc16d2026-04-07l0o674 C397ppL128874r2026-04-07 15:58:38w2026-04-07yL